A youtuberek, mint véleményvezérek hatása a Z generáció vásárlási döntéseire Magyarországon

Bibliographic Details
Main Author: Zugor Enikő
Other Authors: Eszes Dr. István
Format: Thesis
Kulcsszavak:YouTube
Vásárlói döntés
Véleményvezér
Z generáció
Online Access:http://dolgozattar.uni-bge.hu/13087

MARC

LEADER 00000nta a2200000 i 4500
001 dolg13087
005 20180503110807.0
008 171130suuuu hu om 000 hun d
040 |a BGE Dolgozattár Repozitórium  |b hun 
041 |a hu 
100 1 |a Zugor Enikő 
245 1 2 |a A youtuberek, mint véleményvezérek hatása a Z generáció vásárlási döntéseire Magyarországon  |c Zugor Enikő  |h [elektronikus dokumentum] 
695 |a YouTube 
695 |a Vásárlói döntés 
695 |a Véleményvezér 
695 |a Z generáció 
700 1 |a Eszes Dr. István  |e ths 
856 4 0 |u http://dolgozattar.uni-bge.hu/13087/1/v%C3%A9gleges%20szakdolgozat.pdf  |z Dokumentum-elérés